000 00577nam a22001817i 4500
001 IT\ICCU\UBO\2140314
003 ItRI
005 20260115232259.0
008 090729s1952 it |||||| ||||| |||||c
040 _bita
_cimportazione bologna sebina
041 7 _aita
_2ISO-639-2
100 1 _aOlivari, Gino
_0IT\ICCU\CFIV\006313
_4aut
245 1 3 _aIl problema della omosessualita /
_cdi Gino Olivari.
260 _a[Milano] :
_bMilesi,
_c1952
300 _a1 v. (paginazione varia) ;
_c30 cm
500 _aEstratto da: Problemi sessuali, anno 2, n. 8, 1952.
942 _2ddc
_cBK
_n0
999 _c20020
_d20020